Normal view MARC view
  • Canto Chán, Víctor Manuel

Entry Nombre Personal

Number of records used in: 15

001 - NUMERO DE CONTROL

  • campo de control: 37116

003 - IDENTIFICADOR DE NUMERO DE CONTROL

  • campo de control: UPN

005 - FECHA Y HORA DE LA ÜLTIMA TRANSACCIÓN

  • campo de control: 20231010121945.0

008 - DATOS DE LONGITUD FIJA

  • campo de control de longitud fija: 231010n||acannaabn a ana |d

035 ## - NUMERO DE CONTROL

  • Número de control: UPN11000009223

040 ## - FUENTE DE CATALOGACIÓN

  • Lenguaje de catalogación: SPA
  • Agencia de transcripción: UPN
  • Agencia original de catalogación: MX-MxUPN

100 1# - ENCABEZAMIENTO - NOMBRE PERSONAL

  • Nombre personal: Canto Chán, Víctor Manuel

400 1# - VEÁSE - NOMBRE DE PERSONA

  • Personal name: Canto Chán, Víctor

670 ## - FUENTE EN LA QUE SE LOCALIZARON DATOS

  • Cita de la fuente: LC

670 ## - FUENTE EN LA QUE SE LOCALIZARON DATOS

  • Cita de la fuente: Maaya t'aan : lengua maya : Campeche, Quintana Roo y Yucatán : segundo grado, 1994:
  • Información localizada: página legal (Víctor Canto Chán)

680 ## - NOTA PUBLICA DE ACCESO PÚBLICO

  • Frase explicativa de la referencia: Etnolingüista mexicano

902 ## - CATALOGADOR

  • Catalogador: CAA/030615